000 00403cam a22001337a 4500
008 180718b1999 xxu||||| |||| 00| 0 eng d
082 _aA81x54 91/20/PT11
100 _aCensus of India 1991
245 _aPunjab: census atlas
260 _aDelhi
_bThe Controller of Publications
_c1999
300 _a231+p.
440 _aCensus of India 1991. Series-20, Punjab. Part XI
650 _aMaps - India - Punjab
999 _c487867
_d487867